Horanota: lekhanagalu (Record no. 123731)
[ view plain ]
| 000 -LEADER | |
|---|---|
| fixed length control field | 01649nam a2200229Ia 4500 |
| 003 - CONTROL NUMBER IDENTIFIER | |
| control field | OSt |
| 005 - DATE AND TIME OF LATEST TRANSACTION | |
| control field | 20251115095652.0 |
| 008 - FIXED-LENGTH DATA ELEMENTS--GENERAL INFORMATION | |
| fixed length control field | 210210b2019 xxu||||| |||| 00| 0 eng d |
| 040 ## - CATALOGING SOURCE | |
| Transcribing agency | AL |
| 041 ## - LANGUAGE CODE | |
| Language code of text/sound track or separate title | kannada |
| 082 ## - DEWEY DECIMAL CLASSIFICATION NUMBER | |
| Classification number | K894.9 GANH |
| 100 ## - MAIN ENTRY--PERSONAL NAME | |
| Personal name | GANESHAYAA (K N) |
| Dates associated with a name | ಕೆ.ಎನ್. ಗಣೇಶಯ್ಯ |
| 9 (RLIN) | 245670 |
| 245 ## - TITLE STATEMENT | |
| Title | Horanota: lekhanagalu |
| Remainder of title | ಹೊರ ನೋಟ |
| 260 ## - PUBLICATION, DISTRIBUTION, ETC. | |
| Place of publication, distribution, etc. | Bengaluru |
| Name of publisher, distributor, etc. | Ankita Pustaka |
| Date of publication, distribution, etc. | 2019 |
| 300 ## - PHYSICAL DESCRIPTION | |
| Extent | 107 |
| 520 ## - SUMMARY, ETC. | |
| Summary, etc. | ಇತಿಹಾಸ ಅರಿಯದವನು ಇತಿಹಾಸವನ್ನು ಸೃಷ್ಟಿಸಲೂ ಸಾಧ್ಯವಿಲ್ಲ. ಹೊಸ ಇತಿಹಾಸ ಬರೆಯಲೂ ಸಾಧ್ಯವಿಲ್ಲ. ಜೊತೆಗೆ ಇತಿಹಾಸವನ್ನು ಪುನರ್ ರಚಿಸಲೂ ಸಾಧ್ಯವಿಲ್ಲ ಎನ್ನುವ ಮಾತಿದೆ. ಹೊಸ ಪೀಳಿಗೆಯ ಓದುಗರ ನೆಚ್ಚಿನ ಬರಹಗಾರ ಪ್ರೊ. ಕೆ.ಎನ್. ಗಣೇಶಯ್ಯನವರು ಇತಿಹಾಸದ ಬೆನ್ನು ಹತ್ತಿ ಅದರ ವಿಶಿಷ್ಟ ಹಾಗೂ ವಿಸ್ಮಯಕಾರಿ ಆಯಾಮಗಳನ್ನು ಪುನರ್ಸೃಷ್ಟಿಸಲು ತೊಡಗಿದ ಲೇಖಕರು.<br/>'ಹೊರ ನೋಟ' ಗಣೇಶಯ್ಯನವರ ವಿಶಿಷ್ಟ ಆಸಕ್ತಿ, ಸಂಶೋಧನೆ, ಒಳನೋಟಗಳನ್ನು ಸ್ವಾರಸ್ಯಪೂರ್ಣವಾಗಿ ಹೇಳುವ ಲೇಖನಗಳ ಸಂಗ್ರಹ. |
| 650 ## - SUBJECT ADDED ENTRY--TOPICAL TERM | |
| Topical term or geographic name entry element | lekhanagalu |
| 9 (RLIN) | 245671 |
| 650 ## - SUBJECT ADDED ENTRY--TOPICAL TERM | |
| Topical term or geographic name entry element | Horanota: |
| 9 (RLIN) | 245672 |
| 690 ## - LOCAL SUBJECT ADDED ENTRY--TOPICAL TERM (OCLC, RLIN) | |
| Topical term or geographic name as entry element | Kannada Criticism |
| 9 (RLIN) | 245673 |
| 906 ## - LOCAL DATA ELEMENT F, LDF (RLIN) | |
| a | 073972 |
| 942 ## - ADDED ENTRY ELEMENTS (KOHA) | |
| Source of classification or shelving scheme | Dewey Decimal Classification |
| Koha item type | Book |
| Withdrawn status | Lost status | Source of classification or shelving scheme | Damaged status | Not for loan | Collection code | Home library | Current library | Shelving location | Date acquired | Source of acquisition | Cost, normal purchase price | Total Checkouts | Full call number | Barcode | Date last seen | Price effective from | Koha item type |
|---|---|---|---|---|---|---|---|---|---|---|---|---|---|---|---|---|---|
| Dewey Decimal Classification | Kannada | St Aloysius Library | St Aloysius Library | 02/17/2021 | Biblios Book Point, Surathkal-575014 | 95.00 | K894.9 GANH | 073972 | 02/17/2021 | 02/17/2021 | Book |